000 00805nam0a22002411 4500
001 rc\344591
005 20250621050813.0
010 _a5-7625-0126-4
_95000
035 _a(NLR Aleph) 005587971
090 _a6181983
_c6181983
100 _a20030307d1989 |||y0rusy50 ca
101 0 _arus
102 _aRU
105 _ay |||||||||
200 1 _aЛитературное Прикамье
_eСб. стихов, рассказов, очерков о Каме и ее тружениках
_f[Сост. М. Смородинов]
210 _aПермь
_cКн. изд-во
_d1989
215 _a204, [2] с.
_d20
702 1 _aСмородинов
_bМ.Р.
_gМихаил Романович
_4220
801 0 _aRU
_bNLR
_gpsbo
801 1 _aRU
_bELAR
_2rusmarc
852 _aNLR
_j89-3/2247
942 _cBOOK
980 _aNB